000 00501nam a2200145Ia 4500
008 231129s1997||||xx |||||||||||||| ||spa||
020 _a958-9004-11-3
040 _bspa
082 _a306 G633i
100 _aGómez Chaparro Luis Enrique
245 0 _aInstituto Colombiano de Cultura Hispanica: noticia de su origen y programas
260 _c1997
264 _aSantafé de Bogotá Colombia : El Instituto; Ministerio de Educación Nacional
942 _2ddc
_cBKS
999 _c15747
_d15747